Born in Berkeley/California - Statistics

General Stats
  • This quiz has been taken 42 times
    20 since last reset
  • The average score is 5 of 12
Answer Stats
Hint Answer % Correct
Actor and comedian, best known for his role as Jake Peralta in "Brooklyn Nine-Nine" 1978 Andy Samberg
85%
Actor and director, "Gone Girl" "Justice League" "Argo" "The Town" 1972 Ben Affleck
85%
Author, known for her "Earthsea" fantasy series 1929 Ursula K. Le Guin
54%
Film producer and current president of Lucasfilm 1953 Kathleen Kennedy
46%
Television personality, she came to prominence for appearing in "The Simple Life" 1981 Nicole Richie
46%
Director of "Chip 'n Dale: Rescue Rangers" and "Popstar: Never Stop Never Stopping" 1977 Akiva Schaffer
38%
Comedian and co-director of "Popstar: Never Stop Never Stopping" 1977 Jorma Taccone
38%
Director, "The Remains of the Day" "Howards End" "A Room with a View" 1928 James Ivory
31%
Lead guitarist of R.E.M 1956 Peter Buck
31%
Filipino-American billionaire and co-founder of Snapchat 1988 Bobby Murphy
23%
Actor, "Into the Badlands" "Westworld" "Tomb Raider" "Geostorm" 1974 Daniel Wu
23%
Nobel laureate, molecular biologist and profesor of genetics 1952 Gary Ruvkun
23%
No matching quizzes found
Score Distribution
Percent of People with Each Score
Percentile by Number Answered
Your Score History
You have not taken this quiz since the last reset